000 004330000a22001810004500
003 MACL
005 20160122154953.0
008 160122b xxu||||| |||| 00| 0 eng d
040 _aMACL
_cMACL
041 _aEnglish
082 _a370/ZIG
100 _aZiglar, Zig
_933759
245 _aSee you At The top
260 _bMagna Publication
_c2000
_aMumbai
350 _a175
650 _aEducation
_934137
942 _cBK
_k370/Zig
_2ddc
999 _c31858
_d31858